000 00606cab a2200193 4500
001 ABS42307
008 090401t1990 xxu||||| |||| 00| 0 eng d
035 _a(Sirsi) u36124
041 _aeng
100 _aWarner, B.
245 _aTurn down the volume
260 _c1990
350 _a0
490 _aBuilding Today
_v199(5849) 29 March 1990, 16-18(2)
520 _aReports on new guidelines to limit the noise on building sites from CIRIA , `Guide to reducing the exposure of construction workers to noise`.
690 _aBUILT ENVIRONMENT-BUILDING STANDARDS
942 _n0
948 _c04/03/1997
999 _c23573
_d23573